000 00654cam a2200181 i 4500
005 20251119120640.0
008 250721s1993 ua gr 000 0 ara d
082 1 4 _a210.461202
_bم ص ط
100 1 _aعرجاوي، مصطفى محمد
_eمؤلف.
245 1 0 _aأحكام نقل الدم في القانون المدني والفقه الإسلامي /
_cالدكتور مصطفى محمد عرجاوى.
250 _aالطبعة الثانية.
264 3 1 _aالقاهرة :
_bدار المنار،
_c1993.
300 _a547 صفحة.
650 1 7 _aالإسلام.
650 1 7 _aنقل الدم.
942 _2ddc
_cBK
999 _c1798
_d1798